000 00444nam a2200181Ia 4500
001 15668
005 20260306170213.0
008 260306t2018||||xx |||||||||||||| ||und||
041 _aESP
082 _a572
_bL62
100 _aLieberman, Michael
_eAUT
245 0 _aBioquímica médica básica:
_bun enfoque clínico
260 _c2018
300 _a1051 páginas :
_c28 cm.
650 _aGEN
654 _aCCS
942 _cLIB
_dJUS
_fJUS
_2ddc
_n
999 _c15668
_d15668